000 00514nam a2200169 i 4500
001 52629
003 ES-MaACL
005 20230906162621.0
007 t|
008 030902s1961 sp ||||1| spa d
100 1 _aDawson, Christopher.
_943009
245 1 0 _aDinámica de la historia universal /
_cChristopher Dawson ; [versión por Rosalía Vázquez].
260 _aMadrid :
_bRialp,
_c1961.
300 _a364 p. ;
_c24 cm.
700 1 _aVázquez Tomás, Rosalia.
_9146004
852 _aES-MaACL
_jE-5329
_bR.89661
999 _c52629
_d52629